000
00322nam a2200133Ia 4500
008
190216s9999||||xx |||||||||||||| ||und||
100
_a
Tewari. Kk
245
0
_a
Electricity And Magnetism With Electronics
250
_a
2nd Ed.
260
_b
Sudha Pubs Pvt Ltd
_c
1988
300
_a
922
650
_a
Physics
942
_c
BK
999
_c
33134
_d
33134